| 000 | 00867nam a22001817a 4500 | ||
|---|---|---|---|
| 999 |
_c59031 _d59031 |
||
| 003 | Ge_BSU | ||
| 005 | 20221102115634.0 | ||
| 008 | 221102s2005 ge ||||| |||| 00| 0 geo d | ||
| 041 | _ageo | ||
| 080 | _a339.924 + 316.32 ჰ-49 | ||
| 100 |
_aჰერსტი, პოლ _915729 |
||
| 245 |
_aგლობალიზაცია : _bკრიტიკული ანალიზი / _cპოლ ჰერსტი, გრემ ტომპსონი ; [მთარგმნ.: ნოდარ მანჩხაშვილი ; რედ.: ანა ჭაბაშვილი]. |
||
| 264 |
_aთბილისი : _bდიოგენე, _c2005. |
||
| 300 |
_a354 გვ. : _b ნახ. ; _c22 სმ. |
||
| 653 | _aგლობალიზაცია. | ||
| 700 |
_aტომპსონი, გრემ _eავტორი _915730 |
||
| 942 |
_2udc _cBK |
||